Culture Générale - Série 1696 - Statistiques

Statistiques générales
  • Ce quiz a été pris 96 fois
  • Le résultat moyen est 6 sur 10
Statistiques - réponses
Question Réponse % Correct
Selon l'expression, quand on est face à ses responsabilités, on est au pied du... mur
98%
Quel nom donne-t-on aux habitants de l'Afghanistan ? Afghans
91%
Quelle est la capitale du Qatar ? Doha
76%
Le blush est aussi appelé "fard à... joues
73%
Quel est le prénom de Charlebois, chanteur québecois interprète de "Je reviendrai à Montréal" ? Robert
63%
Quel petit véhicule automobile à 4 roues, sans carrosserie ni suspension, fait la renommée d'un célèbre plombier de jeu vidéo ? kart
60%
Dans quel sport s'est illustré Pierre Albaladejo ? rugby
56%
Dans une bande dessinée de 1986, de quelle animatrice de télévision Cabu immortalise-t-il le nez ? Dorothée
52%
L'animatrice qui présentait "Intervilles" aux côtés de Guy Lux, s'appelle Simone... Garnier
47%
A quelle matière l'adjectif "éburnéen", se rapporte-t-il ? ivoire
17%
Aucun quiz correspondant
Distribution des résultats
% des personnes avec chaque résultat
Percentile par nombre de réponses
Votre historique - résultats
Vous n’avez pas pris ce quiz